Responses for Show #4519 - Thursday, April 8, 2004

Chris Miller game 6.
Scott Renzoni game 1.

Contestants

[<< previous game]

Martha Blakeslee, a floral designer and stay-at-home mom from Alexandria, Virginia

Scott Renzoni, a bartender and actor from Burlington, Vermont

Chris Miller, a retail specialist from Louisville, Kentucky (whose 5-day cash winnings total $123,597)

[next game >>]

Jeopardy! Round responses

HISTORICAL PAINTINGS
FOREIGN FILM OSCAR NATIONS
TIME PERIODS
ARKANSASSY
CHILDREN'S LIT
A LITTLE "DEB"LL DO YA
    $200 5
Cleopatra

Chris
    $200 11
Japan

Chris
    $200 21
months

Chris
    $200 16
Texas

Chris
    $200 1
Paul Bunyan

Chris
    $200 26
debates

Chris
    $400 7
Queen Elizabeth I

Renzo
    $400 12
Italy

Renzo
    $400 22
Age

Renzo
    $400 17
Little Rock

Chris
    $400 2
Rose-Red

Renzo
    $400 27
debits

Chris
    $600 8
the eruption of Vesuvius

Chris
    $600 13
France

Martha
    $600 23
generation

Martha
    $1,000 18
Carrie Nation

Chris
    $600 3
"Rumpelstiltskin"

Chris
    $600 28
debutante

Renzo
    $800 9
Maximilian

Chris
    $800 14
Germany

Martha
    $800 24
Hour

Chris
    $800 19
the Ozarks

Chris
    $800 4
her pocket

Martha
    $800 29
Deborah

Chris
    $1000 10
Haiti

Renzo
    $1000 15
(Alex: Ingmar Bergman.)

Sweden

Martha
    $1000 25
the millennium bug

Renzo
    $1000 20
Razorback

Chris
    $1000 6
Ichabod Crane

Chris
    $1000 30
(Achille-Claude) Debussy

Chris

Scores at the first commercial break (after clue 13):

Chris Renzo Martha
$3,600 $2,200 $1,400

Scores at the end of the Jeopardy! Round:

Chris Renzo Martha
$10,400 $4,200 $3,800

Double Jeopardy! Round responses

FIELDS OF SCIENCE
TRIBUTE ALBUMS
BUNDESTAG PARTY
BODY PARTS BY PRODUCTS
(Alex: We want you to name the part for which each product is primarily intended.)
WALTER WORLD
BEFORE & AFTER
    $400 11
magnetic field

Renzo
    $400 6
George Harrison

Chris
    $400 17
4

Triple Stumper
    $400 23
eyes

Chris
    $400 1
Sir Walter Scott

Chris
    $400 12
the Loch Ness Monster truck

Chris
    $800 13
gravitational field

Renzo
    $800 7
(Martha: What is [*] by Carole King?)

Tapestry

Martha
    $800 18
the Green Party

Renzo
    $800 24
lips

Chris
    $2,800 2
Walter Mondale

Chris
    $800 19
Florida State of the Union

Renzo
    $1200 14
force field

Renzo
    $500 8
(Martha: I should have bet a lot more!)
(Alex: I know you should have bet a lot more!)

James Dean

Martha
    $1200 28
(Martha: What is the iron chicken?)

fat chicken/hen

Martha
Triple Stumper
    $1200 25
(Renzo: What is skin?)
(Alex: Be more specific.)
(Renzo: The foot.)

feet

Renzo
    $1200 3
Walter Mitty

Chris
    $1200 20
Jolly Roger Bannister

Chris
    $1600 15
electrical field

Renzo
    $1600 9
Nat King Cole

Chris
    $1600 29
(Martha: Who is...[time]?)

Gerhard Schroder

RenzoMartha
    $1600 26
mouth

Chris
    $1600 4
Walter Annenberg

Triple Stumper
    $1600 21
Raggedy Ann Richards

Renzo
    $2000 16
mass

Chris
    $2000 10
Rosemary Clooney

Chris
    $2000 30
(Alex: And it always sounds a little weird to us... so you're a rat in [*]!)

the Bundesrat

Triple Stumper
    $2000 27
ears

Chris
    $2000 5
Walter Camp

Triple Stumper
    $2000 22
the "Teflon Don" Quixote

Triple Stumper

Scores at the end of the Double Jeopardy! Round:

Chris Renzo Martha
$27,200 $14,200 $2,300

[wagering suggestions for these scores]

Final Jeopardy! Round responses

ISLANDS
(Alex: When you think about the Allied powers exiling Napoleon, they couldn't have picked a more remote island, could they, except maybe going down to the Falklands, even further.)
MarthaWhat is Bikini Island
$1,099
RenzoWhat is St. Helena?
$14,198
ChrisWhat is Pitcairn Island?
$1,201
St. Helena

Final scores:

Chris Renzo Martha
$25,999 $28,398 $1,201
2nd place: $2,000 New champion: $28,398 3rd place: $1,000

Game dynamics:

Coryat scores:

Chris Renzo Martha
$24,800 $14,200 $3,000
31 R
(including 2 DDs),
0 W
16 R,
0 W
7 R
(including 1 DD),
2 W

Combined Coryat: $42,000

[game clues] [game scores] [suggest correction]

Game tape date: 2004-01-27
The J! Archive is created by fans, for fans. Scraping, republication, monetization, and malicious use prohibited; this site may use cookies and collect identifying information. See terms. The Jeopardy! game show and all elements thereof, including but not limited to copyright and trademark thereto, are the property of Jeopardy Productions, Inc. and are protected under law. This website is not affiliated with, sponsored by, or operated by Jeopardy Productions, Inc. Join the discussion at JBoard.tv.